000 00794cam a22002414a 4500
001 13911372
005 20240327065123.0
008 050325s2005 enk b 001 0 eng
020 _a0415350638 (hardback : alk. paper)
020 _a0415350646 (pbk. : alk. paper)
020 _a0203194918 (ebook)
040 _aDLC
_cDLC
_dBAKER
_dBWKUK
_dUKM
_dYBM
_dCOO
_dBTCTA
_dYDXCP
_dLVB
_dDLC
082 0 0 _a325.3
_222
_bCOL.
100 1 _aLoomba, Ania.
245 1 0 _aColonialism/postcolonialism /
_cAnia Loomba.
250 _a2nd ed.
260 _aLondon ;
_aNew York :
_bRoutledge,
_c2005.
300 _a263 p. ;
650 0 _aPostcolonialism.
856 4 1 _uhttp://www.loc.gov/catdir/toc/ecip0510/2005008207.html
856 4 2 _uhttp://www.loc.gov/catdir/enhancements/fy0707/2005008207-d.html
942 _cL
999 _c617
_d617